| 000 | 00495nam a22001937a 4500 | ||
|---|---|---|---|
| 003 | OSt | ||
| 005 | 20240828124055.0 | ||
| 008 | 240828b |||||||| |||| 00| 0 eng d | ||
| 020 | _a0393955567 | ||
| 040 | _cMUST | ||
| 082 |
_222 _a337 ETH 1988 |
||
| 100 |
_aEthier, Wilfred J _919081 |
||
| 245 |
_aModern international economics/ _cWilfred J. Ethier |
||
| 250 | _a2nd ed. | ||
| 300 |
_axx, 556p. _bill. _c24cm |
||
| 504 | _aincludes appendixes | ||
| 650 | _2Economics | ||
| 942 |
_2ddc _cO_SHELF |
||
| 999 |
_c9337 _d9337 |
||